Épouses de Henri VIII - Statistiques

Statistiques générales
  • Ce quiz a été pris 77 fois
  • Le résultat moyen est 5 sur 6
Statistiques - réponses
# Destin Femme % Correct
2 Décapitée Anne {Boleyn}
98%
1 Bannie Catherine d'{Aragon}
93%
3 Décédée après l’accouchement Jane {Seymour}
81%
4 Mariage non consommé Anne de {Cleves}
78%
6 Veuve Catherine {Parr}
70%
5 Décapitée Catherine {Howard}
67%
Aucun quiz correspondant
Distribution des résultats
% des personnes avec chaque résultat
Percentile par nombre de réponses
Votre historique - résultats
Vous n’avez pas pris ce quiz